El Procedimiento de ejecución del gasto público / José Pascual García
ISBN:
84-7351-195-6
Descripción Física:
VI, 578 p. ; 22 cm
Colección:
Manuales ; 1
MARC
| LEADER | 00000nam a2200000Ia 4500 | ||
|---|---|---|---|
| 001 | 18213 | ||
| 008 | 160829s1986 xx 000 0 cat d | ||
| 020 | |a 84-7351-195-6 | ||
| 080 | |a M-5-258 | ||
| 100 | |a Pascual García, José |9 423 | ||
| 245 | |a El Procedimiento de ejecución del gasto público / José Pascual García | ||
| 250 | |a 2a ed. | ||
| 260 | |a Madrid : |b Instituto Nacional de Administración Pública, |c 1986 | ||
| 300 | |a VI, 578 p. ; |c 22 cm | ||
| 490 | |a Manuales ; 1 | ||
| 590 | |a Bibliografia | ||
| 650 | |a Despeses públiques |x Espanya |9 23344 | ||
| 650 | |a Deute públic |x Espanya |9 37902 | ||
| 710 | |a Instituto Nacional de Administración Pública (Espanya) |9 17952 | ||
| 901 | |a Arxiu | ||
| 942 | |n 1 | ||
| 952 | |0 0 |1 0 |4 0 |6 M5258 |7 1 |9 48146 |a Arxiu |b Arxiu |d 2016-12-01 |l 0 |o M-5-258 |p 18213 |r 2016-12-01 00:00:00 |w 2016-12-01 |y ARXIU | ||
| 999 | |c 51949 |d 51949 | ||